000 00438nam a22001817a 4500
003 CEME
005 20210628205444.0
008 210204b xxu||||| |||| 00| 0 eng d
020 _a969-510-082-1
040 _c.
082 _a891.4393 HAM
100 _aHameed, A
_959074
245 _aSecret agent
260 _aLAHORE
_bMAQBOOL ACADEMY
_c2000
300 _a333P
650 _aURDU ADAB-NOVEL-SECRET AGENT
_975639
942 _cBK
_2ddc
999 _c581032
_d581032